| 000 | 00703nam a22002297a 4500 | ||
|---|---|---|---|
| 999 |
_c4450 _d4450 |
||
| 003 | AR-CdUCM | ||
| 008 | 190308b ||||| |||| 00| 0 spa d | ||
| 020 | _a950-614-089-8 | ||
| 040 |
_aMUNICIPALIDAD PROVINCIAL DEL CUSCO _cBIBLIOTECA MUNICIPAL DEL CUSCO |
||
| 041 | _heng | ||
| 082 |
_a823 / _bG59 |
||
| 100 |
_aGolding, William _914001 |
||
| 245 | _aLa oscuridad visible / | ||
| 260 |
_aBuenos Aires : _bEdiciones Orbis, _b Hyspamerica ediciones, _c1984. |
||
| 300 |
_a328 páginas ; _c20 cm. |
||
| 440 |
_aLos premios Nobel. _n35 _914002 |
||
| 650 |
_aNovelas inglesas _91158 |
||
| 650 |
_aSiglo XX _98 |
||
| 700 |
_aGoligorsky, Eduardo (traductor) _914003 |
||
| 942 |
_2ddc _cLIBROS |
||
| 945 | _azta | ||